000 03009nam0a2200397 i 4500
001 RU\NLR\BIBL_A\011387759
005 20260408083642.0
010 _a9785444609460
_9500
021 _aRU
_b2017-28030
_92070
035 _a(RuMoRGB)008862266
035 _a(NLR Aleph) 011387759
090 _a11437566
_c11437566
100 _a20170518d2017 k y0rusy50 ca
101 0 _arus
102 _aRU
105 _aa|||z|||000zy
200 1 _aЗдоровьесбережение студенческой молодежи
_eопыт, инновационные подходы и перспективы развития в системе высшего медицинского образования
_eмонография
_f[П.В. Глыбочко, И.Э. Есауленко, В.И. Попов, Т.Н. Петрова]
_gФедеральное государственное бюджетное образовательное учреждение высшего образования Первый Московский государственный медицинский университет имени И.М. Сеченова Министерства здравоохранения Российской Федерации, Федеральное государственное бюджетное образовательное учреждение высшего образования Воронежский государственный медицинский университет имени Н.Н. Бурденко Министерства здравоохранения Российской Федерации
210 _aВоронеж
_cНаучная книга
_d2017
215 _a310 с.
_cил.
_d21
300 _aАвт. указаны на обороте тит. л.
320 _aБиблиогр.: с. 303-310 (108 назв.)
606 1 _aСтуденты
_xЗдоровье
_xВлияние образа жизни
_92409083
_3RU\NLR\AUTH\661435511
606 1 _aВалеология в высшей школе
_92094607
_3RU\NLR\AUTH\661267455
686 _aР11(2)028.6,07
_2rubbk
686 1 _aЧ481.354
686 1 _aР124.61
701 1 _8rus
_7ca
_aГлыбочко
_bП. В.
_f1964-
_gПетр Витальевич
_3RU\NLR\AUTH\77121522
_9104447
701 1 _7ca
_8rus
_aЕсауленко
_bИ. Э.
_f1956-
_gИгорь Эдуардович
_9181810
_3RU\NLR\AUTH\770181861
701 1 _8rus
_7ca
_aПопов
_bВ. И.
_cд-р мед. наук, гигиена
_f1969-
_gВалерий Иванович
_3RU\NLR\AUTH\7727720
_910751
701 1 _8rus
_7ca
_aПетрова
_bТ. Н.
_cд-р мед. наук, терапия
_gТатьяна Николаевна
_3RU\NLR\AUTH\7784166
_967094
712 0 2 _4570
_aМосковский государственный медицинский университет им. И. М. Сеченова
_c1
_3RU\NLR\AUTH\8810170316
_9836500
942 _cBOOK
980 _aNBR